LEADER 00420nab a2200145 i 4500 001 000000259525 003 CaOOAMICUS 005 20050127000000.0 008 050127n xx uu u0 0und r 013 $a164 040 $aSeMil$bita 245 10$a[SENZA TITOLO]. - 16 p. 500 $a1er décembre 2004. 773 0 $t[2004].$dGenéve : ENI, copyr. 2004.$w()117252 996 $6245$a[SENZA TITOLO]. - 16 p.$9(OLS)http://semarc/title/354652 LEADER 00497nab a2200145 i 4500 001 000000314214 003 CaOOAMICUS 005 20180831173127.0 008 180831n xx uu u0 0und r 013 $a23301 040 $aSeMil$bita 100 1 $aSalvoni, Faustino.$0(OLS)http://semarc/name/71582 245 12$aL?opera orientalistica di Carlo Alfonso Nallino. 773 0 $t[Gennaio-Dicembre].$g132-140$w()274246 996 $6245$aL?opera orientalistica di Carlo Alfonso Nallino$9(OLS)http://semarc/title/388410